000 00708nam a2200289Ia 4500
005 20260324121919.0
008 008 260324s9999 xx 000 0 eng d
020 _a9780203085646
037 _aEBOOK
040 _aCRL
040 _beng
040 _cCRL
041 _2eng
041 _aeng
084 _qCRL
100 _aJennifer Newton
_91164370
245 0 _aPreventing Mental Ill-Health
245 0 _bInforming public health planning and mental health practice
260 _bTaylor and Francis
260 _c2013
365 _a
365 _b170
856 _uhttp://www.taylorfrancis.com/books/9780203085646
942 _cEBOOK
999 _c1756761
_d1756761